| 000 | 00581cab a2200205 4500 | ||
|---|---|---|---|
| 001 | WB3234-42 | ||
| 008 | 090401t1996 xxu||||| |||| 00| 0 eng d | ||
| 035 | _a(Sirsi) u56518 | ||
| 041 | _aeng | ||
| 245 | 4 | _aThe changing pub market | |
| 260 | _c1996 | ||
| 350 | _a0 | ||
| 490 |
_aDaily Telegraph _v9 September 1996, 28(1) |
||
| 520 | _aReport on how pubs are changing to appeal to women and young people, and how pub leaseholds are changing with them. | ||
| 650 | _aLEASEHOLDS | ||
| 650 | _aPUBS | ||
| 690 | _aLEISURE AND RECREATION | ||
| 942 | _n0 | ||
| 948 | _c04/03/1997 | ||
| 999 |
_c34473 _d34473 |
||